000 00367pab a2200157 454500
008 180718b2004 xxu||||| |||| 00| 0 eng d
100 _aKumari, D.B. Krishna
245 _aMedia for gender empowerment
260 _c2004
300 _ap.37-40.
362 _aOct
650 _aWomens employment
700 _aVani, C.
773 _aSocial Welfare
909 _a62803
999 _c62803
_d62803